Beyond representation: colonial and postcolonial constructions of Indian identity (Record no. 405443)

000 -LEADER
fixed length control field 00364cam a22001097a 4500
008 - FIXED-LENGTH DATA ELEMENTS--GENERAL INFORMATION
fixed length control field 180718b2006 xxu||||| |||| 00| 0 eng d
020 ## - INTERNATIONAL STANDARD BOOK NUMBER
International Standard Book Number 0195674979
245 ## - TITLE STATEMENT
Title Beyond representation: colonial and postcolonial constructions of Indian identity
Statement of responsibility, etc. edited by Crispin Bates
260 ## - PUBLICATION, DISTRIBUTION, ETC.
Place of publication, distribution, etc. New Delhi
Name of publisher, distributor, etc. Oxford Univ. Press
Date of publication, distribution, etc. 2006
300 ## - PHYSICAL DESCRIPTION
Extent 370p.
700 ## - ADDED ENTRY--PERSONAL NAME
Personal name Bates, Crispin
Holdings
Withdrawn status Lost status Damaged status Not for loan Permanent Location Current Location Date acquired Full call number Barcode Date last seen Price effective from Koha item type
        Indian Institute of Public Administration Indian Institute of Public Administration 2006-10-27 A6x54 B318 81435 2018-07-21 2018-07-21 Book

Powered by Koha